Statistics for Countries mentioned in Marvel

Click here to take the quiz!

General Stats

  • This quiz has been taken 21 times
  • The average score is 30 of 41

Answer Stats

Continent Country % Correct
North AmericaUnited States of America
100%
Asia/ EuropeRussia
100%
EuropeGermany
100%
South AmericaBrazil
100%
North AmericaCanada
100%
EuropeFrance
95%
EuropeUnited Kingdom
95%
North AmericaMexico
95%
AsiaChina
95%
AsiaJapan
90%
EuropeAustria
90%
AsiaIndia
85%
AsiaSouth Korea
85%
EuropeItaly
85%
EuropeBelgium
85%
AsiaAfghanistan
75%
South AmericaArgentina
75%
EuropeSwitzerland
75%
AfricaSouth Africa
75%
EuropePoland
75%
North AmericaPanama
75%
EuropeNorway
75%
AfricaNigeria
70%
EuropeRomania
70%
AfricaEgypt
70%
AsiaIran
70%
AsiaNepal
70%
AsiaIraq
65%
EuropeMonaco
65%
EuropeHungary
65%
EuropeGreece
65%
Europethe Netherlands
60%
AsiaNorth Korea
60%
AfricaKenya
60%
AsiaPakistan
55%
AfricaAlgeria
55%
AsiaSyria
50%
AfricaBenin
45%
North AmericaGuatemala
45%
AfricaGhana
45%
AsiaKuwait
35%

Score Distribution

Percentile by Number Answered

Percent of People with Each Score

Your Score History

You have not taken this quiz